000 00580nam a2200241 a 4500
003 AR-BaBNM
005 20251128203726.0
008 082120s2002 ||||||||||||||000 | spa||
040 _cAR-BaBNM
100 1 _aDaudet, Alphonse
245 0 0 _aSafo
260 _aBuenos Aires
_bCasa Editora Ivaldi & Checchi
_c1898
300 _a217 p.
650 4 _aLITERATURA FRANCESA
650 4 _aESCRITORES
650 4 _aNOVELAS
650 4 _aSIGLO DIECINUEVE
653 _aINFLUENCIA GRECOLATINA
653 _aNATURALISMO
655 _aLITERATURA
942 _cBK
998 _cMARTIN
999 _c4659
_d4659